The Popes by Last 3 Letters in 90 Seconds - Statistics

General Stats
  • This quiz has been taken 357 times
  • The average score is 41 of 81
Answer Stats
Name % Correct
Anastasius
88%
Caius
88%
Cornelius
88%
Dionysius
88%
Eusebius
88%
Gelasius
88%
Honorius
88%
John Paul
88%
Julius
88%
Liberius
88%
Lucius
88%
Paul
88%
Pelagius
88%
Pius
88%
Sergius
88%
Silverius
88%
Simplicius
88%
Siricius
88%
Sisinnius
88%
Vigilius
88%
Hilarius
85%
John
80%
Peter
74%
Soter
74%
Sylvester
74%
Francis
72%
Benedict
65%
Clement
65%
Innocent
65%
Adeodatus
60%
Agapetus
60%
Anacletus
60%
Anicetus
60%
Callixtus
60%
Evaristus
60%
Sixtus
60%
Donus
50%
Hyginus
50%
Linus
50%
Marcellinus
50%
Marinus
50%
Romanus
50%
Severinus
50%
Zephyrinus
50%
Leo
49%
Gregory
45%
Urban
42%
Adrian
37%
Eutychian
37%
Fabian
37%
Pontian
37%
Sabinian
37%
Vitalian
37%
Alexander
36%
Celestine
32%
Constantine
32%
Valentine
32%
Boniface
28%
Marcellus
28%
Anterus
24%
Eleuterus
24%
Stephen
24%
Telesphorus
24%
Damasus
23%
Formosus
23%
Nicholas
21%
Zosimus
21%
Mark
18%
Martin
18%
Victor
16%
Felix
13%
Eugene
12%
Zachary
12%
Lando
10%
Theodore
8%
Agatho
7%
Hormisdas
6%
Paschal
6%
Symmachus
6%
Conon
5%
Miltiades
3%
No matching quizzes found
Score Distribution
Percent of People with Each Score
Percentile by Number Answered
Your Score History
You have not taken this quiz